| 000 | 00537nam a2200169 a 4500 | ||
|---|---|---|---|
| 001 | BRCA_1056 | ||
| 005 | 20190320203248.0 | ||
| 008 | 160408s198u----mx-a######---#000-0#spa-# | ||
| 041 | _aspa | ||
| 044 | _amx | ||
| 050 | 4 |
_aN910.M36 _b.M87 1980 |
|
| 245 | 1 | 0 |
_aMuseo Nacional de Arte _bsalas de la colección permanente, siglos XVII al XX. |
| 260 |
_aMéxico _bSEP : INBA _c[1980?] |
||
| 300 |
_a1 v. (en varias paginaciones) _bil. _c30 cm. |
||
| 610 | 2 | 4 |
_aMuseo Nacional de Arte (Ciudad de México) _xColecciones de arte _93482 |
| 942 |
_2lcc _cB |
||
| 999 |
_c935 _d935 |
||